000 00450cam a22001691 4500
001 0000003542
005 20170406115115.0
008 111109s1989 nyu 000 0 eng
010 _a 88040528
040 _aDLC
_cDLC
_dDLC
050 0 0 _aPG3476.N3
_bZ465 1989
100 1 _aNabokov, Vladimir Vladimirovich,
_d1899-1977.
245 1 0 _aSpeak, memory.
260 _c1999.
300 _a268p. :
_bill. ;
_c21 cm.
908 _a140623
999 _c3416
_d3416